000 00967nam0a22002531 4500
001 v19\rc\1411175
005 20260407145551.0
035 _a(NLR Aleph) 005223263
090 _a5527563
_c5527563
100 _a20060512d1878 |||y0rusy50 ca
101 0 _arus
102 _aRU
105 _ay z |||||
200 1 _aПоложение о мастеровых и рабочих в мастерских и депо подвижного состава и тяги
_fО-во Уральской горнозаводской ж. д.
210 _a[Санкт-Петербург]
_dценз. 1878
215 _a43 с.
710 0 2 _aУральская горнозаводская железная дорога
_3RU\NLR\AUTH\8810022389
_9542785
801 0 _aRU
_bNLR
_c20060512
_gpsbo
801 0 _aRU
_bRuMoRGB
_c20060512
_2psbo
801 1 _aRU
_bProSoft-M
_c20060512
_2rusmarc
801 2 _aRU
_bNLR
_c20110816
_2rusmarc
852 _aNLR
_j18.126.7.429
942 _cBOOK
980 _aNB